Apertura comercial y empleo industrial en América Latina /
Αποθηκεύτηκε σε:
| Κύριος συγγραφέας: | |
|---|---|
| Μορφή: | Κείμενο |
| Θέματα: | |
| Ετικέτες: |
Προσθήκη ετικέτας
Δεν υπάρχουν, Καταχωρήστε ετικέτα πρώτοι!
|
MARC
| LEADER | 00000 a a2200000 04500 | ||
|---|---|---|---|
| 001 | 2532 | ||
| 003 | |||
| 040 | |||
| 100 | |a Martínez, Daniel | ||
| 245 | |a Apertura comercial y empleo industrial en América Latina / |c Daniel Martínez | ||
| 650 | |a COMERCIO INTERNACIONAL | ||
| 650 | |a EMPLEO | ||
| 650 | |a INDUSTRIA | ||
| 650 | |a SALARIOS | ||
| 650 | |a POLITICA ECONOMICA | ||
| 650 | |a ESTABILIZACION ECONOMICA | ||
| 650 | |a INTEGRACION REGIONAL | ||
| 650 | |a PRODUCCION | ||
| 650 | |a TRABAJO | ||
| 650 | |a TRABAJO | ||
| 650 | |a EMPLEO | ||
| 773 | |g número 51; páginas 35-57 | ||
| 999 | |c 22543 |d 22543 | ||
